Pokémon 1. Generation - Statistiken

Allgemein
  • Dieses Quiz wurde 165 mal gespielt
  • Das Durchschnittsergebnis liegt bei 16 aus 25
Answers on the Grid
Answers color-coded by a green-red scale on the quiz's grid according to % correct below.
Aerodaktyl
Alpollo
Bisasam
Ditto
Elevoltek
Entoron
Feelinara
Flamara
Groudon
Kapoera
Kicklee
Kingler
Kuriboh
Lucario
Lugia
Mauzi
Menki
Mew
Miltank
MissingNo.
Nachtara
Nidoqueen
Owei
Pantimos
Patamon
Pichu
Piepi
Porenta
Porygon
Pyro
Raichu
Raikou
Rizeros
Scherox
Schlurp
Seemon
Smogon
Tauboss
Tauros
Zekrom
 
Antwortstatistiken
Antwort % Korrekt
Bisasam
91%
Alpollo
89%
Ditto
84%
Entoron
80%
Flamara
80%
Aerodaktyl
75%
Mauzi
71%
Mew
70%
Kicklee
69%
Menki
69%
Nidoqueen
67%
Kingler
65%
Owei
63%
Pantimos
61%
Piepi
61%
Raichu
61%
Tauboss
60%
Porenta
59%
Rizeros
59%
Smogon
59%
Porygon
56%
Tauros
56%
Schlurp
51%
Seemon
51%
MissingNo.
39%
Keine übereinstimmenden Quizze gefunden
Verteilung der Resultate
Anzahl Personen mit jedem Resultat
Perzentil nach korrekt beantworteten Fragen
Ihre Resultats-Entwicklung
Sie haben dieses Quiz noch nicht gespielt